|
|
|
|
| LEADER |
01467nam a22003494a 4500 |
| 001 |
27516 |
| 003 |
BD-DhAAL |
| 005 |
20130922113814.0 |
| 008 |
130922s2011 njua b 001 0 eng |
| 010 |
|
|
|a 2010015097
|
| 020 |
|
|
|a 9780137084708
|
| 020 |
|
|
|a 0137084706
|
| 040 |
|
|
|a DLC
|c DLC
|d DLC
|d BD-DhAAL
|
| 050 |
0 |
0 |
|a LB1025.3
|b .C696 2011
|
| 082 |
0 |
0 |
|a 371.102
|2 22
|
| 100 |
1 |
|
|a Coyne, Michael D.
|9 3162
|
| 245 |
1 |
0 |
|a Effective teaching strategies that accommodate diverse learners /
|c Michael D. Coyne, Edward J. Kame'enui, Douglas W. Carnine.
|
| 250 |
|
|
|a 4th ed.
|
| 260 |
|
|
|a Upper Saddle River, N.J. :
|b Pearson Education,
|c c2011.
|
| 300 |
|
|
|a ix, 272 p. :
|b ill. ;
|c 24 cm.
|
| 504 |
|
|
|a Includes bibliographical references and index.
|
| 541 |
|
|
|e 27516
|
| 650 |
|
0 |
|a Teaching
|z United States.
|9 1263
|
| 650 |
|
0 |
|a Multicultural education
|z United States.
|9 3163
|
| 650 |
|
0 |
|a Minorities
|x Education
|z United States.
|9 3164
|
| 650 |
|
0 |
|a Curriculum change
|z United States.
|9 3165
|
| 700 |
1 |
|
|a Kameenui, Edward J.
|9 3166
|
| 700 |
1 |
|
|a Carnine, Douglas.
|9 3167
|
| 942 |
|
|
|2 ddc
|c BK
|
| 999 |
|
|
|c 13990
|d 13990
|
| 952 |
|
|
|0 0
|1 0
|2 ddc
|4 0
|6 371_102000000000000_COY
|7 0
|9 23442
|a BRACUL
|b BRACUL
|c GEN
|d 2013-09-22
|e Trim Education
|g 4375.00
|l 0
|o 371.102 COY
|p 3010027516
|r 2013-09-22
|t 1
|w 2013-09-22
|y BK
|
| 952 |
|
|
|0 0
|1 0
|2 ddc
|4 0
|6 371_102000000000000_COY
|7 0
|9 23443
|a BRACUL
|b BRACUL
|c GEN
|d 2013-09-22
|e Trim Education
|g 4375.00
|l 0
|o 371.102 COY
|p 3010027517
|r 2013-09-22
|t 2
|w 2013-09-22
|y BK
|